Statistics for US States By Landmarks

Click here to take the quiz!

General Stats

  • This quiz has been taken 61 times
  • The average score is 16 of 20

Answer Stats

Landmark State % Correct
Statue of LibertyNew York
100%
Mount RushmoreSouth Dakota
98%
Grand CanyonArizona
98%
Liberty BellPennsylvania
96%
Space NeedleWashington
96%
Alcatraz IslandCalifornia
94%
The AlamoTexas
90%
Gateway ArchMissouri
88%
Plymouth RockMassachusetts
85%
PentagonVirginia
83%
Kennedy Space CenterFlorida
83%
Mall of AmericaMinnesota
77%
USS Arizona MemorialHawaii
77%
World of Coca ColaGeorgia
71%
Crater LakeOregon
63%
Arches National ParkUtah
60%
Fort SumterSouth Carolina
58%
Cedar PointOhio
56%
Devils TowerWyoming
56%
Millennium ParkIllinois
46%

Score Distribution

Percentile by Number Answered

Percent of People with Each Score

Your Score History

You have not taken this quiz